000 00552nam a22001697a 4500
005 20230412060955.0
008 221109b |||||||| |||| 00| 0 eng d
020 _a978-1-78221-769-5
082 _a746.4403 B972 2019
100 _aBurstein, Alicia
_eauthor
245 _a10 easy stitches:
_bover 30 modern embroidery project using simple stitching /
_cAlicia Burstein
260 _aTunbridge Wells, Kent:
_bSearch Press,
_cc2019.
300 _a111p.:
_bill. (some col.)
541 _e6721
650 _aEmbroidery - Patterns
650 _aStitches (Sewing)
999 _c153
_d153